[Event "Saratov Summer Cup SSEU 3st stage"]
[White "Biryukov, Dmitriy"]
[Black "Izbosarov, Marat"]
[Site "Saratov"]
[Round "4.3"]
[Result "1-0"]
[Date "2012.07.26"]
[WhiteElo "2325"]
[BlackElo "1980"]
[PlyCount "107"]
[EventDate "2012.07.23"]
[EventType "swiss"]
[EventRounds "7"]
[EventCountry "RUS"]
[SourceTitle "EXT 2022"]
[Source "ChessBase"]
[SourceDate "2021.10.06"]
[SourceVersion "1"]
[SourceVersionDate "2021.10.06"]
[SourceQuality "1"]

1. e4 c5 2. Nf3 d6 3. d4 cxd4 4. Nxd4 Nf6 5. Nc3 a6 6. Bg5 e6 7. Qe2 Nbd7 8. 0-0-0 Be7 9. f4 Qc7 10. g4 h6 11. Bh4 g5 12. fxg5 Nh7 13. Nf3 Nxg5 14. Bg2 Nxf3 15. Bxe7 Kxe7 16. Qxf3 Ne5 17. Qf4 Bd7 18. Rhf1 Rag8 19. Rd5 Rh7 20. h3 b5 21. Rfd1 Rg6 22. Rxd6 Qxd6 23. Rxd6 Kxd6 24. Qe3 f6 25. Qb6+ Ke7 26. Qxa6 b4 27. Nb5 h5 28. Qd6+ Kf7 29. Qxb4 hxg4 30. Nd6+ Kg7 31. h4 Rxh4 32. Nc4 Nxc4 33. Qxc4 Kh6 34. Qc7 Rg7 35. b4 e5 36. b5 Kg6 37. b6 Bb5 38. Qc8 Bd7 39. b7 Bxc8 40. bxc8Q Rh2 41. Qf5+ Kf7 42. Qf1 g3 43. a4 Rg4 44. a5 Rf4 45. Qc4+ Kg7 46. a6 Rxg2 47. a7 Rg1+ 48. Kb2 g2 49. a8Q Rb1+ 50. Kxb1 g1Q+ 51. Ka2 Qb6 52. Qag8+ Kh6 53. Qh8+ Kg5 54. Qcg8# 1-0

[Event "Saratov op 07"]
[White "Efimov, Ivan"]
[Black "Izbosarov, Marat"]
[Site "Saratov"]
[Round "4"]
[Result "1-0"]
[Date "2012.07.05"]
[WhiteElo "2157"]
[BlackElo "1980"]
[PlyCount "89"]
[EventDate "2012.07.02"]
[EventType "swiss"]
[EventRounds "9"]
[EventCountry "RUS"]
[SourceTitle "CBM 149 Extra"]
[Source "ChessBase"]
[SourceDate "2012.08.24"]
[SourceVersion "1"]
[SourceVersionDate "2012.08.24"]
[SourceQuality "1"]

1. d4 Nf6 2. c4 g6 3. Nc3 d5 4. cxd5 Nxd5 5. e4 Nxc3 6. bxc3 Bg7 7. Bc4 c5 8. Ne2 Nc6 9. Be3 0-0 10. 0-0 Na5 11. Bd3 b6 12. dxc5 Qc7 13. cxb6 axb6 14. Qb1 Nc4 15. Bf4 e5 16. Bc1 Be6 17. Rd1 Qc6 18. Ng3 Ra4 19. Bc2 Ra5 20. Bb3 b5 21. Qd3 h5 22. Nf1 Rc8 23. Rb1 Ra7 24. Ne3 Nxe3 25. Qxe3 Ra6 26. Bb2 Bc4 27. Rd2 Kh7 28. Qf3 Qe6 29. Bc1 Rac6 30. Ba3 Bh6 31. Rdd1 Qe8 32. Bb4 Bg7 33. Bxc4 Rxc4 34. Rd5 R8c6 35. Rbd1 Rf6 36. Qd3 Qa8 37. a3 Rf4 38. f3 Qa4 39. Rb1 Bh6 40. Rd7 Kg7 41. Qd6 Rc8 42. Qxe5+ Kh7 43. Rf1 h4 44. g3 hxg3 45. hxg3 1-0

[Event "Saratov op 07"]
[White "Fedukin, Alexandre"]
[Black "Izbosarov, Marat"]
[Site "Saratov"]
[Round "2"]
[Result "1-0"]
[Date "2012.07.03"]
[WhiteElo "1888"]
[BlackElo "1980"]
[PlyCount "57"]
[EventDate "2012.07.02"]
[EventType "swiss"]
[EventRounds "9"]
[EventCountry "RUS"]
[SourceTitle "CBM 149 Extra"]
[Source "ChessBase"]
[SourceDate "2012.08.24"]
[SourceVersion "1"]
[SourceVersionDate "2012.08.24"]
[SourceQuality "1"]

1. c4 e5 2. Nc3 Nf6 3. Nf3 Nc6 4. e4 Bb4 5. d3 d6 6. h3 0-0 7. Be2 Ne7 8. 0-0 c6 9. a3 Bxc3 10. bxc3 h6 11. Nh4 Nh7 12. Rb1 d5 13. Nf5 dxe4 14. Nxe7+ Qxe7 15. dxe4 Nf6 16. Qc2 Re8 17. a4 Qc5 18. Be3 Qa5 19. c5 Nd7 20. Bg4 Nxc5 21. Bxc5 Bxg4 22. Bb4 Qd8 23. hxg4 Qh4 24. Qe2 Re6 25. c4 h5 26. gxh5 Rh6 27. Rb3 g6 28. Rh3 Qf6 29. Bd2 1-0

[Event "Saratov Region-ch"]
[White "Korchmar, Vasiliy"]
[Black "Izbosarov, Marat"]
[Site "Saratov"]
[Round "7"]
[Result "1-0"]
[Date "2012.06.04"]
[WhiteElo "2260"]
[BlackElo "1972"]
[PlyCount "93"]
[EventDate "2012.05.29"]
[EventType "swiss"]
[EventRounds "9"]
[EventCountry "RUS"]
[SourceTitle "CBM 148 Extra"]
[Source "ChessBase"]
[SourceDate "2012.06.22"]
[SourceVersion "1"]
[SourceVersionDate "2012.06.22"]
[SourceQuality "1"]

1. e4 c5 2. Nf3 d6 3. d4 cxd4 4. Nxd4 Nf6 5. Nc3 a6 6. Be2 e5 7. Nb3 Be7 8. 0-0 0-0 9. a4 Be6 10. Bf3 Nc6 11. Re1 Nb4 12. a5 Rc8 13. Be3 Qd7 14. Bb6 Bd8 15. Be3 Ng4 16. Bc1 b5 17. Re2 Be7 18. Nd5 Nxd5 19. exd5 Bf5 20. c3 h6 21. Nd2 Nf6 22. h3 Bg6 23. Qb3 Qf5 24. Ne4 Rc4 25. Ng3 Qd7 26. Bd2 e4 27. Rae1 exf3 28. Rxe7 Qd8 29. Qd1 Nxd5 30. Ra7 fxg2 31. Rxa6 Qc8 32. Rxd6 Qxh3 33. Qf3 Nf6 34. Qxg2 Qh4 35. b3 Rg4 36. Qh2 Qxh2+ 37. Kxh2 Ne4 38. Rxg6 fxg6 39. Nxe4 Rf5 40. Kh3 h5 41. a6 Rf8 42. a7 Rf3+ 43. Kh2 Rf8 44. f3 Rxe4 45. Rxe4 Ra8 46. Be3 Kf7 47. Rb4 1-0

[Event "Saratov Spring-A"]
[White "Izbosarov, Marat"]
[Black "Fedorov, Oleg An"]
[Site "Saratov"]
[Round "3"]
[Result "0-1"]
[Date "2012.03.19"]
[WhiteElo "1972"]
[BlackElo "1829"]
[PlyCount "54"]
[EventDate "2012.03.15"]
[EventType "tourn"]
[EventRounds "9"]
[EventCountry "RUS"]
[SourceTitle "EXT 2014"]
[Source "ChessBase"]
[SourceDate "2013.11.20"]
[SourceVersion "1"]
[SourceVersionDate "2013.11.20"]
[SourceQuality "1"]

1. d4 Nf6 2. c4 e6 3. Nc3 Bb4 4. a3 Bxc3+ 5. bxc3 b6 6. f3 Nc6 7. e4 e5 8. Bg5 d6 9. Qa4 Bd7 10. Qd1 0-0 11. g4 Qe7 12. Ne2 Nd8 13. d5 c6 14. Qd2 Re8 15. Ng3 h6 16. Bh4 Nxe4 17. Bxe7 Nxd2 18. Bxd8 Nxf1 19. Rxf1 Raxd8 20. a4 cxd5 21. cxd5 e4 22. Kf2 exf3 23. Kxf3 Rc8 24. Rfe1 Rxc3+ 25. Kg2 Rxe1 26. Rxe1 Bxg4 27. Re8+ Kh7 0-1

[Event "Saratov Winter Cup 1st stage"]
[White "Efimov, Ivan"]
[Black "Izbosarov, Marat"]
[Site "Saratov"]
[Round "9"]
[Result "1-0"]
[Date "2012.02.18"]
[WhiteElo "2142"]
[BlackElo "1970"]
[PlyCount "43"]
[EventDate "2012.02.10"]
[EventType "tourn"]
[EventRounds "9"]
[EventCountry "RUS"]
[SourceTitle "EXT 2013"]
[Source "ChessBase"]
[SourceDate "2012.11.22"]
[SourceVersion "1"]
[SourceVersionDate "2012.11.22"]
[SourceQuality "1"]

1. Nf3 Nf6 2. g3 g6 3. Bg2 Bg7 4. 0-0 0-0 5. d4 d6 6. b3 Nc6 7. Bb2 Nd7 8. Qc1 e5 9. dxe5 Ndxe5 10. Nbd2 Re8 11. a4 Qf6 12. Nxe5 Nxe5 13. Nc4 Qf5 14. Ne3 Qh5 15. Nd5 Bh3 16. Nf4 Bh6 17. Nxh5 Bxc1 18. Nf6+ Kf8 19. Rfxc1 Bxg2 20. Nxe8 Bc6 21. Nxc7 Rd8 22. Rd1 1-0

[Event "Saratov Winter Cup 1st stage"]
[White "Izbosarov, Marat"]
[Black "Astapov, Valeriy"]
[Site "Saratov"]
[Round "7"]
[Result "1-0"]
[Date "2012.02.16"]
[WhiteElo "1970"]
[BlackElo "2011"]
[PlyCount "103"]
[EventDate "2012.02.10"]
[EventType "tourn"]
[EventRounds "9"]
[EventCountry "RUS"]
[SourceTitle "EXT 2013"]
[Source "ChessBase"]
[SourceDate "2012.11.22"]
[SourceVersion "1"]
[SourceVersionDate "2012.11.22"]
[SourceQuality "1"]

1. d4 c5 2. Nf3 cxd4 3. Nxd4 Nf6 4. c4 g6 5. g3 Bg7 6. Bg2 Qa5+ 7. Nc3 Qc5 8. Qd3 Nc6 9. Nxc6 dxc6 10. 0-0 Be6 11. b3 Rd8 12. Qc2 0-0 13. Be3 Qa5 14. Bd2 Qh5 15. Rad1 Bf5 16. e4 Bh3 17. f3 Qc5+ 18. Kh1 Bxg2+ 19. Kxg2 Rd7 20. Bf4 Rfd8 21. Rxd7 Rxd7 22. Rd1 e5 23. Bg5 Qe7 24. Rd2 Qd8 25. Qd1 h6 26. Be3 a6 27. Kf2 Bf8 28. Ke2 h5 29. Na4 Bb4 30. Rd3 Kf8 31. Nb6 Rxd3 32. Qxd3 Qxd3+ 33. Kxd3 Ke8 34. c5 Nd7 35. Na4 f5 36. Kc4 Be1 37. Nb2 fxe4 38. fxe4 Nf6 39. Nd3 Ng4 40. Nxe1 Nxe3+ 41. Kd3 Ng4 42. Nf3 Ke7 43. h3 Nf2+ 44. Ke3 Nxh3 45. Nxe5 g5 46. b4 Ke6 47. Nd3 g4 48. Nf4+ Nxf4 49. Kxf4 Kf6 50. a3 Kg6 51. e5 Kg7 52. Kg5 1-0

[Event "Saratov Winter Cup 1st stage"]
[White "Smirnov, Alexandr A"]
[Black "Izbosarov, Marat"]
[Site "Saratov"]
[Round "4"]
[Result "1/2-1/2"]
[Date "2012.02.13"]
[WhiteElo "2182"]
[BlackElo "1970"]
[PlyCount "69"]
[EventDate "2012.02.10"]
[EventType "tourn"]
[EventRounds "9"]
[EventCountry "RUS"]
[SourceTitle "EXT 2013"]
[Source "ChessBase"]
[SourceDate "2012.11.22"]
[SourceVersion "1"]
[SourceVersionDate "2012.11.22"]
[SourceQuality "1"]

1. e4 c5 2. Nf3 d6 3. d4 cxd4 4. Nxd4 Nf6 5. Nc3 a6 6. h3 e5 7. Nde2 h5 8. g3 Be7 9. Bg2 Nbd7 10. a4 b6 11. 0-0 Bb7 12. Bg5 Rc8 13. Qd2 Rc7 14. Rfd1 0-0 15. g4 hxg4 16. hxg4 Nxg4 17. Bxe7 Qxe7 18. f3 Ngf6 19. Qxd6 Qxd6 20. Rxd6 Rfc8 21. Bh3 Kf8 22. Rad1 Ke7 23. Kf2 Rh8 24. Kg2 Rd8 25. Kf2 Rh8 26. Bf1 Rh6 27. Ng3 g6 28. Ke3 Rh2 29. Be2 Rh3 30. Kf2 Rh2+ 31. Kg1 Rh4 32. Kf2 Rh2+ 33. Kg1 Rh4 34. Kf2 Rh2+ 35. Kg1 1/2-1/2

[Event "Saratov Winter Cup-A"]
[White "Mamonov, Alexey"]
[Black "Izbosarov, Marat"]
[Site "Saratov"]
[Round "3"]
[Result "0-1"]
[Date "2012.01.14"]
[WhiteElo "1812"]
[BlackElo "1970"]
[PlyCount "62"]
[EventDate "2012.01.12"]
[EventType "swiss"]
[EventRounds "9"]
[EventCountry "RUS"]
[SourceTitle "EXT 2014"]
[Source "ChessBase"]
[SourceDate "2013.11.20"]
[SourceVersion "1"]
[SourceVersionDate "2013.11.20"]
[SourceQuality "1"]

1. c4 e5 2. e4 Nc6 3. g3 Bc5 4. Bg2 d6 5. Ne2 Be6 6. d3 Qd7 7. 0-0 h5 8. a3 h4 9. b4 Bb6 10. Be3 Bh3 11. Bh1 hxg3 12. Nxg3 Bxf1 13. Qxf1 Qh3 14. Qxh3 Rxh3 15. Bxb6 axb6 16. b5 Nd4 17. Ra2 Nf6 18. Nc3 Kd7 19. Bg2 Rh7 20. Nf5 Ne6 21. Ne2 g6 22. Ne3 Nh5 23. Nd5 Rhh8 24. Bh3 Kd8 25. Kg2 Nhf4+ 26. Nexf4 Nxf4+ 27. Nxf4 exf4 28. a4 Ke7 29. d4 Rh4 30. c5 dxc5 31. dxc5 f3+ 0-1

[Event "Saratov Winter Cup school"]
[White "Izbosarov, Marat"]
[Black "Mamonov, Alexey"]
[Site "Saratov"]
[Round "8.5"]
[Result "1-0"]
[Date "2011.12.30"]
[WhiteElo "1970"]
[BlackElo "1812"]
[PlyCount "63"]
[EventDate "2011.12.26"]
[EventType "swiss"]
[EventRounds "9"]
[EventCountry "RUS"]
[SourceTitle "EXT 2022"]
[Source "ChessBase"]
[SourceDate "2021.10.06"]
[SourceVersion "1"]
[SourceVersionDate "2021.10.06"]
[SourceQuality "1"]

1. e4 e5 2. Nf3 Nc6 3. Bb5 a6 4. Ba4 Nf6 5. 0-0 b5 6. Bb3 Be7 7. Re1 0-0 8. a4 Bb7 9. d3 d6 10. Nc3 Na5 11. Ba2 b4 12. Ne2 c5 13. Ng3 Rc8 14. Nd2 Re8 15. c3 Bf8 16. Nf3 h6 17. Nf5 bxc3 18. bxc3 c4 19. Ba3 cxd3 20. Qxd3 Bxe4 21. Rxe4 d5 22. Rxe5 Rxe5 23. Nxe5 Bxa3 24. Qg3 Nh5 25. Qg4 Qg5 26. Nxh6+ gxh6 27. Qxc8+ Kg7 28. Qe8 Qf6 29. Qxf7+ Qxf7 30. Nxf7 Kxf7 31. Bxd5+ Kf6 32. Rxa3 1-0

[Event "Saratov Winter Cup school"]
[White "Izbosarov, Marat"]
[Black "Kvitka, Roman"]
[Site "Saratov"]
[Round "6.4"]
[Result "1-0"]
[Date "2011.12.29"]
[WhiteElo "1970"]
[BlackElo "2006"]
[PlyCount "71"]
[EventDate "2011.12.26"]
[EventType "swiss"]
[EventRounds "9"]
[EventCountry "RUS"]
[SourceTitle "EXT 2022"]
[Source "ChessBase"]
[SourceDate "2021.10.06"]
[SourceVersion "1"]
[SourceVersionDate "2021.10.06"]
[SourceQuality "1"]

1. e4 c5 2. Nf3 d6 3. d4 cxd4 4. Nxd4 Nf6 5. Nc3 a6 6. Be3 e5 7. Nb3 Be7 8. Qd2 Be6 9. 0-0-0 Nbd7 10. f4 Ng4 11. g3 Nxe3 12. Qxe3 0-0 13. Kb1 exf4 14. gxf4 Rc8 15. Bd3 Bf6 16. Nd5 Bxd5 17. exd5 Re8 18. Qh3 g6 19. Qg2 Bg7 20. h4 Qf6 21. c3 Qxf4 22. h5 Ne5 23. hxg6 hxg6 24. Rdf1 Qg4 25. Qf2 Qd7 26. Bc2 Qb5 27. Be4 Qd7 28. Qh2 Qg4 29. Rf4 Qg5 30. Nd4 Nc4 31. Qh7+ Kf8 32. Rxf7+ Kxf7 33. Rf1+ Ke7 34. Qxg7+ Kd8 35. Ne6+ Rxe6 36. dxe6 1-0

[Event "Saratov Winter Cup school"]
[White "Kapranov, Kirill"]
[Black "Izbosarov, Marat"]
[Site "Saratov"]
[Round "3.12"]
[Result "0-1"]
[Date "2011.12.27"]
[WhiteElo "1669"]
[BlackElo "1970"]
[PlyCount "70"]
[EventDate "2011.12.26"]
[EventType "swiss"]
[EventRounds "9"]
[EventCountry "RUS"]
[SourceTitle "EXT 2022"]
[Source "ChessBase"]
[SourceDate "2021.10.06"]
[SourceVersion "1"]
[SourceVersionDate "2021.10.06"]
[SourceQuality "1"]

1. e4 c5 2. Nf3 d6 3. Bb5+ Nd7 4. 0-0 Ngf6 5. Re1 e6 6. d4 cxd4 7. Nxd4 Be7 8. Nc3 0-0 9. b3 a6 10. Bf1 Qc7 11. Bb2 b5 12. Rc1 Bb7 13. f3 Rfd8 14. a4 b4 15. Na2 d5 16. exd5 Nxd5 17. Bd3 Bg5 18. Rb1 Nc5 19. Kh1 Bh6 20. Be4 Nxe4 21. fxe4 Nc3 22. Bxc3 bxc3 23. Nxe6 fxe6 24. Qg4 Qe5 25. Nb4 Rac8 26. Nd3 Rxd3 27. cxd3 c2 28. Ra1 Qxa1 29. Qxe6+ Kh8 30. Qxc8+ Bxc8 31. Rxa1 c1R+ 32. Rxc1 Bxc1 33. Kg1 a5 34. Kf2 Be6 35. d4 Bxb3 0-1